Homotopical algebraic geometry II : geometric stacks and applications /

Guardado en:
Autor Principal: Toën, Bertrand, 1973-
Otros Autores: Vezzosi, Gabriele, 1966-
Formato: Libro
Idioma:English
Publicado: Providence, R.I. : American Mathematical Society, 2008.
Series:Memoirs of the American Mathematical Society, no. 902
Materias:
Etiquetas: Agregar Etiqueta
Sin Etiquetas, Sea el primero en etiquetar este registro!
LEADER 01059cam a22002778a 4500
001 MAT.inmabb004832
008 080114s2008####riu######b####001#0#eng##
005 20171010171441.0
245 1 0 |a Homotopical algebraic geometry II :  |b geometric stacks and applications /  |c Bertrand Toën, Gabriele Vezzosi. 
260 |a Providence, R.I. :  |b American Mathematical Society,  |c 2008. 
300 |a 224 p. ;  |c 26 cm. 
490 0 |a Memoirs of the American Mathematical Society,  |x 0065-9266 ;  |v no. 902 
500 |a "May 2008, volume 193, number 902 (second of 5 numbers)." 
504 |a Incluye referencias bibliográficas (p. 219-221) e índice. 
510 4 |a MR,  |c 2009h:14004 
020 |a 9780821840993 
100 1 |a Toën, Bertrand,  |d 1973- 
700 1 |a Vezzosi, Gabriele,  |d 1966- 
650 0 |a Algebraic stacks. 
650 0 |a Algebra, Homological. 
650 0 |a Geometry, Algebraic. 
650 0 |a Categories (Mathematics) 
084 |a 14A20 (18F10 18F20 18G55 55P42 55U40)  |2 msc2000 
010 |a  2008060003 
040 |a DLC  |c DLC 
859 |k H  |p MAMS-902  |b BIB. MATEMATICA